აგრომეტეოროლოგია. (ბიბ.ჩანაწერი № 44373)
[ მარტივი ფორმატი ]
| 000 -LEADER | |
|---|---|
| fixed length control field | 00854nam a2200241Ia 4500 |
| 001 - CONTROL NUMBER | |
| control field | 11135 |
| 003 - CONTROL NUMBER IDENTIFIER | |
| control field | GE_BSU |
| 008 - FIXED-LENGTH DATA ELEMENTS--GENERAL INFORMATION | |
| fixed length control field | 181216s||||||||xx |||||||||||||| ||und|| |
| 020 ## - INTERNATIONAL STANDARD BOOK NUMBER | |
| International Standard Book Number | 5505012345 |
| 040 ## - CATALOGING SOURCE | |
| Transcribing agency | GE_BSU |
| 080 ## - UNIVERSAL DECIMAL CLASSIFICATION NUMBER | |
| Universal Decimal Classification number | 63(075.8):551.5(075.8) |
| 100 ## - MAIN ENTRY--PERSONAL NAME | |
| Personal name | მელაძე,გ |
| 245 ## - TITLE STATEMENT | |
| Title | აგრომეტეოროლოგია. |
| 245 ## - TITLE STATEMENT | |
| Remainder of title | სახელმძღვ.სას-სამ. და სუბრტოპიკული მეურნეობის ინ-ტის სტუდენტებისათვის. |
| 245 ## - TITLE STATEMENT | |
| Statement of responsibility, etc. | რედ:ა.კოტარია. |
| 260 ## - PUBLICATION, DISTRIBUTION, ETC. | |
| Place of publication, distribution, etc. | თბილისი. |
| 260 ## - PUBLICATION, DISTRIBUTION, ETC. | |
| Name of publisher, distributor, etc. | განათლება. |
| 260 ## - PUBLICATION, DISTRIBUTION, ETC. | |
| Date of publication, distribution, etc. | 1991. |
| 300 ## - PHYSICAL DESCRIPTION | |
| Extent | 374გვ;22სმ. |
| 300 ## - PHYSICAL DESCRIPTION | |
| Accompanying material | ცხრ. |
| 653 ## - INDEX TERM--UNCONTROLLED | |
| Uncontrolled term | აგრომეტეოროლოგია. |
| 942 ## - ADDED ENTRY ELEMENTS (KOHA) | |
| Koha item type | წიგნი |
| Withdrawn status | Lost status | Damaged status | Not for loan | Date acquired | Barcode | Date last seen | Price effective from | Koha item type |
|---|---|---|---|---|---|---|---|---|
| 2018-12-17 | 19080 | 2018-12-17 | 2018-12-17 | წიგნი | ||||
| 2018-12-17 | 19081 | 2018-12-17 | 2018-12-17 | წიგნი | ||||
| 2018-12-17 | 19082 | 2018-12-17 | 2018-12-17 | წიგნი | ||||
| 2018-12-17 | 19083 | 2018-12-17 | 2018-12-17 | წიგნი | ||||
| 2018-12-17 | 19084 | 2018-12-17 | 2018-12-17 | წიგნი | ||||
| 2018-12-17 | 19085 | 2018-12-17 | 2018-12-17 | წიგნი | ||||
| 2018-12-17 | 19086 | 2018-12-17 | 2018-12-17 | წიგნი | ||||
| 2018-12-17 | 19087 | 2018-12-17 | 2018-12-17 | წიგნი | ||||
| 2018-12-17 | 19088 | 2018-12-17 | 2018-12-17 | წიგნი | ||||
| 2018-12-17 | 19089 | 2018-12-17 | 2018-12-17 | წიგნი | ||||
| 2018-12-17 | 19090 | 2018-12-17 | 2018-12-17 | წიგნი | ||||
| 2018-12-17 | 19091 | 2018-12-17 | 2018-12-17 | წიგნი | ||||
| 2018-12-17 | 19092 | 2018-12-17 | 2018-12-17 | წიგნი | ||||
| 2018-12-17 | 19093 | 2018-12-17 | 2018-12-17 | წიგნი | ||||
| 2018-12-17 | 19094 | 2018-12-17 | 2018-12-17 | წიგნი | ||||
| 2018-12-17 | 19095 | 2018-12-17 | 2018-12-17 | წიგნი | ||||
| 2018-12-17 | 19096 | 2018-12-17 | 2018-12-17 | წიგნი | ||||
| 2018-12-17 | 19097 | 2018-12-17 | 2018-12-17 | წიგნი | ||||
| 2018-12-17 | 19098 | 2018-12-17 | 2018-12-17 | წიგნი | ||||
| 2018-12-17 | 19099 | 2018-12-17 | 2018-12-17 | წიგნი | ||||
| 2018-12-17 | 19100 | 2018-12-17 | 2018-12-17 | წიგნი | ||||
| 2018-12-17 | 19101 | 2018-12-17 | 2018-12-17 | წიგნი | ||||
| 2018-12-17 | 19102 | 2018-12-17 | 2018-12-17 | წიგნი | ||||
| 2018-12-17 | 19103 | 2018-12-17 | 2018-12-17 | წიგნი | ||||
| 2018-12-17 | 19104 | 2018-12-17 | 2018-12-17 | წიგნი | ||||
| 2018-12-17 | 19105 | 2018-12-17 | 2018-12-17 | წიგნი | ||||
| 2018-12-17 | 19106 | 2018-12-17 | 2018-12-17 | წიგნი | ||||
| 2018-12-17 | 19107 | 2018-12-17 | 2018-12-17 | წიგნი | ||||
| 2018-12-17 | 19108 | 2018-12-17 | 2018-12-17 | წიგნი | ||||
| 2018-12-17 | 19109 | 2018-12-17 | 2018-12-17 | წიგნი | ||||
| 2018-12-17 | 19110 | 2018-12-17 | 2018-12-17 | წიგნი | ||||
| 2018-12-17 | 19111 | 2018-12-17 | 2018-12-17 | წიგნი | ||||
| 2018-12-17 | 19112 | 2018-12-17 | 2018-12-17 | წიგნი | ||||
| 2018-12-17 | 19113 | 2018-12-17 | 2018-12-17 | წიგნი | ||||
| 2018-12-17 | 19114 | 2018-12-17 | 2018-12-17 | წიგნი | ||||
| 2018-12-17 | 19115 | 2018-12-17 | 2018-12-17 | წიგნი | ||||
| 2018-12-17 | 19116 | 2018-12-17 | 2018-12-17 | წიგნი | ||||
| 2018-12-17 | 19117 | 2018-12-17 | 2018-12-17 | წიგნი | ||||
| 2018-12-17 | 19118 | 2018-12-17 | 2018-12-17 | წიგნი | ||||
| 2018-12-17 | 19119 | 2018-12-17 | 2018-12-17 | წიგნი | ||||
| 2018-12-17 | 19120 | 2018-12-17 | 2018-12-17 | წიგნი | ||||
| 2018-12-17 | 19121 | 2018-12-17 | 2018-12-17 | წიგნი | ||||
| 2018-12-17 | 19122 | 2018-12-17 | 2018-12-17 | წიგნი | ||||
| 2018-12-17 | 19123 | 2018-12-17 | 2018-12-17 | წიგნი | ||||
| 2018-12-17 | 19124 | 2018-12-17 | 2018-12-17 | წიგნი | ||||
| 2018-12-17 | 19125 | 2018-12-17 | 2018-12-17 | წიგნი | ||||
| 2018-12-17 | 19126 | 2018-12-17 | 2018-12-17 | წიგნი |
